[Event "Copenhagen Challenge"]
[Site "Ballerup"]
[Date "2017.05.13"]
[Round "6"]
[White "Bendixen, Daniel"]
[Black "Andersen, Kim Nyvang"]
[Result "0-1"]
[WhiteElo "1855"]
[BlackElo "2011"]
[PlyCount "84"]
[EventDate "2017.05.10"]
[EventType "swiss"]
[EventRounds "9"]
[EventCountry "DEN"]
[SourceTitle "CBM 178 Extra"]
[Source "ChessBase"]
[SourceDate "2017.06.22"]
[SourceVersion "1"]
[SourceVersionDate "2017.06.22"]
[SourceQuality "1"]

1. e4 c5 2. c4 e5 3. Nc3 Nc6 4. d3 d6 5. Nge2 g6 6. g3 Bg4 7. Bg2 Nd4 8. 0-0 Qd7 9. f3 Be6 10. Nxd4 cxd4 11. Nd5 Bg7 12. Bd2 f5 13. Qb3 h6 14. Qa3 Bxd5 15. cxd5 Nf6 16. Bb4 Ke7 17. f4 Ng4 18. Bd2 a6 19. Rae1 Rac8 20. exf5 gxf5 21. h3 Ne3 22. Bxe3 dxe3 23. fxe5 Bxe5 24. Rxe3 Kd8 25. Ref3 f4 26. Qb4 Qg7 27. Kh1 Rc5 28. Qe4 Rg8 29. b3 Rb5 30. b4 Re8 31. gxf4 Bc3 32. Qf5 Rxb4 33. h4 Rb2 34. Qh3 Rxa2 35. Rg3 Qf6 36. Be4 Ra1 37. Rxa1 Bxa1 38. Rg6 Qxf4 39. Rg4 Qf2 40. Rg6 Be5 41. Rg2 Qf1+ 42. Rg1 Qxh3# 0-1

[Event "Tollose Weekend Cup A"]
[Site "Tollose"]
[Date "2016.04.15"]
[Round "1"]
[White "Dalberg, Preben"]
[Black "Bendixen, Daniel"]
[Result "1-0"]
[WhiteElo "2161"]
[BlackElo "1853"]
[PlyCount "51"]
[EventDate "2016.04.15"]
[EventType "tourn"]
[EventRounds "5"]
[EventCountry "DEN"]
[SourceTitle "EXT 2024"]
[Source "ChessBase"]
[SourceDate "2023.10.10"]
[SourceVersion "1"]
[SourceVersionDate "2023.10.10"]
[SourceQuality "1"]

1. d4 d5 2. c4 e6 3. g3 Nf6 4. Nf3 c6 5. Bg2 Bd6 6. Nbd2 Nbd7 7. Qc2 b6 8. cxd5 Nxd5 9. Qxc6 Nb4 10. Qa4 b5 11. Qb3 Bb7 12. a3 Bd5 13. Qd1 Na2 14. e4 Nxc1 15. Rxc1 Bb7 16. Qe2 a6 17. 0-0 0-0 18. Rfd1 Qb6 19. Qd3 e5 20. Nb3 Rfd8 21. dxe5 Nxe5 22. Qe2 Nxf3+ 23. Bxf3 Bf8 24. e5 Rac8 25. Rxc8 Bxf3 26. Rdxd8 1-0

[Event "Politiken Cup 35th"]
[Site "Helsingor"]
[Date "2013.07.27"]
[Round "1"]
[White "Notkevich, Benjamin Arvola"]
[Black "Bendixen, Daniel"]
[Result "1-0"]
[WhiteElo "2347"]
[BlackElo "1885"]
[PlyCount "45"]
[EventDate "2013.07.27"]
[EventType "swiss"]
[EventRounds "10"]
[EventCountry "DEN"]
[SourceTitle "CBM 155 Extra"]
[Source "ChessBase"]
[SourceDate "2013.08.26"]
[SourceVersion "1"]
[SourceVersionDate "2013.08.26"]
[SourceQuality "1"]

1. e4 c5 2. Nf3 Nc6 3. Bb5 d6 4. 0-0 e5 5. c3 Nf6 6. d4 exd4 7. cxd4 a6 8. Bxc6+ bxc6 9. dxc5 dxc5 10. Qa4 Qc7 11. Bf4 Qb6 12. Nbd2 Be7 13. Ne5 Qb5 14. Qc2 Be6 15. Ndc4 Rc8 16. a4 Qb4 17. a5 Bxc4 18. Nxc4 0-0 19. Ra4 Qb5 20. Bd6 Rfe8 21. Bxe7 Nxe4 22. Nb6 Rc7 23. Rxe4 1-0

[Event "Copenhagen Challenge"]
[Site "Ballerup"]
[Date "2012.05.05"]
[Round "6"]
[White "Eriksson, Christian Altenburg"]
[Black "Bendixen, Daniel"]
[Result "1-0"]
[WhiteElo "2149"]
[BlackElo "1837"]
[PlyCount "27"]
[EventDate "2012.05.02"]
[EventType "swiss"]
[EventRounds "9"]
[EventCountry "DEN"]
[SourceTitle "CBM 148 Extra"]
[Source "ChessBase"]
[SourceDate "2012.06.22"]
[SourceVersion "1"]
[SourceVersionDate "2012.06.22"]
[SourceQuality "1"]

1. e4 c5 2. c3 Nf6 3. e5 Nd5 4. d4 cxd4 5. Nf3 e6 6. cxd4 b6 7. Bc4 Bb7 8. 0-0 Be7 9. Bxd5 Bxd5 10. Nc3 Bc4 11. Re1 d5 12. exd6 Qxd6 13. Ne5 0-0 14. Nxc4 1-0